Rozpoznaj piłkarza (poziom trudny) - Statystyki

Ogólne statystyki
  • Ten quiz został rozwiązany 86 razy
  • Średni wynik to 4 z 5
Statystyki odpowiedzi
Klub Wartość Reprezentacja Pozycja Piłkarz % Poprawnych
Real Madryt 6 mln Chorwacja Pomocnik Luka Modric
96%
Al Nassr 15 mln Senegal Lewy napastnik Sadio Mané
87%
AC Milan 90 mln Portugalia Lewy Napastnik Rafael Leão
83%
Arsenal 120 mln Anglia Defensywny pomocnik Declan Rice
78%
Los Angeles 3mln Francja Środkowy napastnik Olivier Giroud
54%
Nie znaleziono quizów pasujących do podanych kryteriów
Rozkład punktacji
Procent ludzi z każdym wynikiem
Percentyl według liczby udzielonych odpowiedzi
Twoja historia wyników
Nie rozwiązałeś tego quizu